| 000 | 00795nam a2200205Ia 4500 | ||
|---|---|---|---|
| 001 | Z_5491 | ||
| 008 | 220601s9999 xx 000 0 und d | ||
| 090 | _aTesis S 2002 | ||
| 100 |
_aSánchez Hernández, Elizabeth _9107597 |
||
| 245 | _aProducción y venta de ganado bovino en el estado de Guanajuato / Elizabeth Sánchez Hernández | ||
| 260 | _aChapingo, Méx. : El autor | ||
| 300 | _a66 h. | ||
| 502 | _aTesis (Ing. Agr. Esp. en Zootecnia) -- UACH. Departamento de Zootecnia | ||
| 650 |
_a1. Ganado vacuno - Producción 2. Ganado vacuno - Alimentación 3. Ganado vacuno - Mercadeo - Guanajuato 4. Ganado vacuno - GuanajuatoÌ _9182412 |
||
| 901 | _aTESIS S 2002 | ||
| 902 | _aM | ||
| 905 | _a0000002007 0000000000 00 | ||
| 942 | _c2 | ||
| 999 |
_c216971 _d216971 |
||